000 02615nam a2200469 a 4500
999 _c201103
_d201103
003 BLK
005 20240329092631.0
008 180411b bul|||||r ||||||| ||bul||
010 _aKNG00210533000
040 _aBLK
041 _aBUL
_cBUL
072 7 _2bullib
_aА
_xФонд Михаил Арнаудов
072 7 _2bullib
_aЯ
_xАвтографи
080 _aБългарска литература
_b821.163.2
_x(081)
_z821.163.2(081)
080 _aБългарска литература
_b821.163.2
_x-32
_z821.163.2-32
100 _aДрумев, Васил Николов
_cКлимент, епископ Браницки; Климент, митрополит Търновски; Климент Браницкий, митрополит Търновски; Климент Търновски, митрополит
_d1841-1901
_gПисател, висш духовник, полит. деец, митрополит, викарий, общественик, учредител на Бълг. книж. дружество
_9366760
139 _aДрумев, Васил Николов
_bД 91
245 1 0 _aСъчинения
_bТ. 1 - За том: Бълг. нар. повест
_cВасил Николов Друмев; под ред. на Емануил Попзахариев Попдимитров.
_nТ. 1
_pНещастна фамилия
257 _aBGR
260 _bД. Мирчев
_c1925
_fПлевен : Изгрев
_aСофия
300 _c21 см
380 _aX
490 1 _aБиблиотека на Съюза на българските писатели
490 _aЧастна колекция - Академик Михаил Арнаудов
_9396381
_gДарение - Основен фонд
500 _aФонд Михаил Арнаудов - Автограф с текст: На Г-на Д-р М. Арнаудов професор В знак на уважение от Ем. П. Димитров 1. ІІІ. 1926
659 _aА
659 _aЯ
700 1 _aПопдимитров, Емануил Попзахариев
_eпод ред. на
_9386179
760 1 _aДрумев, Васил Николов
_d1925
_h93 с., 1 л. портр.
_tТ. 1 Нещастна фамилия
852 _aЦб 8.205.1886
852 _aМА 1281
_bМА
856 4 _qpdf
856 4 _qpdf
942 _cKNG
_n0
_s1
944 _aCR
_c03.08.2017
_k30540
_lСевдалина Тодорова
944 _aED
_c03.08.2017
_kГеновева_Генчева
944 _aED
_c2021-07-30
_kВК
999 _d201103
999 _d201103
999 _d201103
999 _d201103